<?xml version="1.0" encoding="UTF-8"?>
<record
    xmlns:xsi="http://www.w3.org/2001/XMLSchema-instance"
    xsi:schemaLocation="http://www.loc.gov/MARC21/slim http://www.loc.gov/standards/marcxml/schema/MARC21slim.xsd"
    xmlns="http://www.loc.gov/MARC21/slim">

  <leader>02282cam a2200289 a 4500</leader>
  <controlfield tag="001">565637</controlfield>
  <controlfield tag="005">20210414113849.0</controlfield>
  <controlfield tag="008">890831s1990    nyua     b    001 0 eng  </controlfield>
  <datafield tag="010" ind1=" " ind2=" ">
    <subfield code="a">   89038598 </subfield>
  </datafield>
  <datafield tag="020" ind1=" " ind2=" ">
    <subfield code="a">0070153965 :</subfield>
    <subfield code="c">$8.95</subfield>
  </datafield>
  <datafield tag="040" ind1=" " ind2=" ">
    <subfield code="a">DLC</subfield>
    <subfield code="c">DLC</subfield>
    <subfield code="d">DLC</subfield>
  </datafield>
  <datafield tag="050" ind1="0" ind2="0">
    <subfield code="a">CB245.V47 </subfield>
  </datafield>
  <datafield tag="082" ind1="0" ind2="0">
    <subfield code="a">909/.09821</subfield>
    <subfield code="2">20</subfield>
  </datafield>
  <datafield tag="100" ind1="1" ind2=" ">
    <subfield code="a">Viault, Birdsall S.</subfield>
  </datafield>
  <datafield tag="245" ind1="1" ind2="0">
    <subfield code="a">Western civilization since 1600 /</subfield>
    <subfield code="c">Birdsall S. Viault.</subfield>
  </datafield>
  <datafield tag="260" ind1=" " ind2=" ">
    <subfield code="a">New York :</subfield>
    <subfield code="b">McGraw-Hill,</subfield>
    <subfield code="c">c1990.</subfield>
  </datafield>
  <datafield tag="300" ind1=" " ind2=" ">
    <subfield code="a">ix, 549 p. :</subfield>
    <subfield code="b">ill. ;</subfield>
    <subfield code="c">21 cm.</subfield>
  </datafield>
  <datafield tag="440" ind1=" " ind2="0">
    <subfield code="a">McGraw-Hill's college review books</subfield>
  </datafield>
  <datafield tag="500" ind1=" " ind2=" ">
    <subfield code="a">"An American BookWorks Corporation project."</subfield>
  </datafield>
  <datafield tag="504" ind1=" " ind2=" ">
    <subfield code="a">Includes bibliographical references.</subfield>
  </datafield>
  <datafield tag="505" ind1=" " ind2=" ">
    <subfield code="a">Contents: The Struggle for constitutional government in England -- Absolute monarchy in France -- The Emergence of Austria, Prussia, and Russia -- The Eighteenth-century struggle for power -- The Scientific revolution -- The Enlightenment -- Literature, art and music in the seventeenth and eighteenth centuries -- The French revolution -- Napoleon, France and Europe -- The Congress of Vienna and the concert of Europe -- Romanticism -- Reform and revolution in Great Britain, France and the United States -- The Conservative order in Central and Eastern Europe -- The Agricultural and industrial revolutions -- Liberalism and socialism -- The Revolutions of 1848 -- National Unification in Italy and Germany -- The Advance of democracy in Great Britain, France, Italy and the United States -- Autocratic Europe: Germany, Austria-Hungary and Russia -- Nineteenth-century European civilization -- The Age of imperialism -- The Coming of the first World War -- The First World War -- Soviet Russia under Lenin and Stalin -- Fascist Italy -- Germany from Weiner to Hitler -- Great Britain, France and the United States between the two World Wars -- The Cold War -- The Western democracies since 1945 -- The Soviet Union and Eastern Europe since 1945 -- The Middle East, Asia and Africa since 1945 -- Western civilization in the twentieth century. </subfield>
  </datafield>
  <datafield tag="650" ind1=" " ind2="0">
    <subfield code="a">Civilization, Western.</subfield>
  </datafield>
  <datafield tag="650" ind1=" " ind2="0">
    <subfield code="a">Civilization, Modern.</subfield>
  </datafield>
  <datafield tag="906" ind1=" " ind2=" ">
    <subfield code="a">7</subfield>
    <subfield code="b">cbc</subfield>
    <subfield code="c">orignew</subfield>
    <subfield code="d">1</subfield>
    <subfield code="e">ocip</subfield>
    <subfield code="f">19</subfield>
    <subfield code="g">y-gencatlg</subfield>
  </datafield>
  <datafield tag="942" ind1=" " ind2=" ">
    <subfield code="2">lcc</subfield>
    <subfield code="c">BK</subfield>
  </datafield>
  <datafield tag="999" ind1=" " ind2=" ">
    <subfield code="c">156</subfield>
    <subfield code="d">7656</subfield>
  </datafield>
  <datafield tag="952" ind1=" " ind2=" ">
    <subfield code="0">0</subfield>
    <subfield code="1">0</subfield>
    <subfield code="2">lcc</subfield>
    <subfield code="4">0</subfield>
    <subfield code="7">0</subfield>
    <subfield code="a">WIUC-1</subfield>
    <subfield code="b">WIUC-1</subfield>
    <subfield code="c">GEN</subfield>
    <subfield code="d">2011-10-10</subfield>
    <subfield code="l">0</subfield>
    <subfield code="o">CB245.V47</subfield>
    <subfield code="p">433/11</subfield>
    <subfield code="r">2011-10-10 00:00:00</subfield>
    <subfield code="w">2011-10-10</subfield>
    <subfield code="y">BK</subfield>
  </datafield>
</record>
